000 00594nam a2200193Ia 4500
008 140626s9999 xx 000 0 und d
100 _aQuinn, Jill.
245 _aVariations in patterns of care activities for nursing home residents with heart failure /
_cJill Quinn ... [et al.].
260 _cc2013.
300 _a6 : 1, page 29
440 _aResearch in Gerontological Nursing
521 _aNUR
650 _aElder adults.
650 _aHeart failure patients.
650 _aNursing homes.
650 _aPatient care activities.
650 _aVariations/Patterns.
942 _cSE
999 _c121450
_d121450